[Event "11th LCC Super Blitz 2019"]
[Site "London"]
[Date "2019.12.08"]
[Round "6.5"]
[White "Royal, Shreyas"]
[Black "Gudenas, Motiejus"]
[Result "0-1"]
[WhiteElo "1941"]
[BlackElo "1993"]
[Annotator "NA"]
[PlyCount "76"]
[EventDate "2019.12.08"]
[EventType "swiss"]
[EventCountry "ENG"]
[SourceTitle "playchess.com"]
[Source "ChessBase"]
[SourceQuality "1"]
[TimeControl "180+2"]

1. d4 {[%emt 0:00:00]} Nf6 {[%emt 0:00:00]} 2. c4 {[%emt 0:00:00]} c5 {[%emt 0:00:01]} 3. d5 {[%emt 0:00:01]} b5 {[%emt 0:00:01]} 4. Nf3 {[%emt 0:00:01]} Bb7 {[%emt 0:00:05]} 5. cxb5 {[%emt 0:00:07]} Nxd5 {[%emt 0:00:07]} 6. Nc3 {[%emt 0:00:07]} Nxc3 {[%emt 0:00:06]} 7. bxc3 {[%emt 0:00:02]} g6 {[%emt 0:00:04]} 8. e3 {[%emt 0:00:04]} Bg7 {[%emt 0:00:01]} 9. Bb2 {[%emt 0:00:03]} Qa5 {[%emt 0:00:04]} 10. Qb3 {[%emt 0:00:06]} Bxf3 {[%emt 0:00:11]} 11. gxf3 {[%emt 0:00:03]} O-O {[%emt 0:00:15]} 12. Bg2 {[%emt 0:00:12]} e6 {[%emt 0:00:05]} 13. O-O {[%emt 0:00:10]} d5 {[%emt 0:00:07]} 14. c4 {[%emt 0:00:01]} dxc4 {[%emt 0:00:09]} 15. Qc2 {[%emt 0:00:01]} c3 {[%emt 0:00:15]} 16. Bc1 {[%emt 0:00:05]} Nd7 {[%emt 0:00:04]} 17. f4 {[%emt 0:00:01]} Rab8 {[%emt 0:00:10]} 18. Bc6 {[%emt 0:00:01]} Nb6 {[%emt 0:00:13]} 19. a4 {[%emt 0:00:12]} Nd5 {[%emt 0:00:04]} 20. Ba3 {[%emt 0:00:09]} Nb4 {[%emt 0:00:06]} 21. Bxb4 {[%emt 0:00:01]} cxb4 {[%emt 0:00:02]} 22. Rab1 {[%emt 0:00:08]} Rfd8 {[%emt 0:00:10]} 23. Qb3 {[%emt 0:00:02]} Bf8 {[%emt 0:00:04]} 24. e4 {[%emt 0:00:10]} Rd2 {[%emt 0:00:10]} 25. f5 {[%emt 0:00:04]} exf5 {[%emt 0:00:08]} 26. exf5 {[%emt 0:00:01]} Qd8 {[%emt 0:00:18]} 27. fxg6 {[%emt 0:00:10]} hxg6 {[%emt 0:00:03]} 28. Kh1 {[%emt 0:00:02]} Qf6 {[%emt 0:00:05]} 29. f4 {[%emt 0:00:43]} Qh4 {[%emt 0:00:15]} 30. Bg2 {[%emt 0:00:01]} Re8 {[%emt 0:00:06]} 31. f5 {[%emt 0:00:06]} g5 {[%emt 0:00:10]} 32. Rg1 {[%emt 0:00:21]} Bc5 {[%emt 0:00:04]} 33. f6 {[%emt 0:00:11]} Bd6 {[%emt 0:00:06]} 34. h3 {[%emt 0:00:08]} Qg3 {[%emt 0:00:01]} 35. Qxf7+ {[%emt 0:00:12]} Kxf7 {[%emt 0:00:01]} 36. Bd5+ {[%emt 0:00:01]} Rxd5 {[%emt 0:00:01]} 37. Rxg3 {[%emt 0:00:01]} Bxg3 {[%emt 0:00:01]} 38. Rg1 {[%emt 0:00:01]} Bf4 {[%emt 0:00:03]} 0-1

[Event "11th LCC Super Blitz 2019"]
[Site "London"]
[Date "2019.12.08"]
[Round "6.6"]
[White "Nettleton, Charlie B"]
[Black "John, Joshua"]
[Result "0-1"]
[WhiteElo "2021"]
[BlackElo "1694"]
[Annotator "NA"]
[PlyCount "74"]
[EventDate "2019.12.08"]
[EventType "swiss"]
[EventCountry "ENG"]
[SourceTitle "playchess.com"]
[Source "ChessBase"]
[SourceQuality "1"]
[TimeControl "180+2"]

1. e4 {[%emt 0:00:01]} c5 {[%emt 0:00:00]} 2. Nc3 {[%emt 0:00:02]} Nc6 {[%emt 0:00:01]} 3. f4 {[%emt 0:00:01]} e6 {[%emt 0:00:05]} 4. Nf3 {[%emt 0:00:01]} Nge7 {[%emt 0:00:04]} 5. g3 {[%emt 0:00:06]} a6 {[%emt 0:00:05]} 6. a4 {[%emt 0:00:03]} g6 {[%emt 0:00:02]} 7. Bg2 {[%emt 0:00:01]} Bg7 {[%emt 0:00:01]} 8. O-O {[%emt 0:00:02]} O-O {[%emt 0:00:02]} 9. d3 {[%emt 0:00:04]} d5 {[%emt 0:00:08]} 10. e5 {[%emt 0:00:10]} Rb8 {[%emt 0:00:24]} 11. Ne2 {[%emt 0:00:02]} b5 {[%emt 0:00:10]} 12. axb5 {[%emt 0:00:02]} axb5 {[%emt 0:00:00]} 13. Be3 {[%emt 0:00:11]} d4 {[%emt 0:00:06]} 14. Bd2 {[%emt 0:00:04]} Qb6 {[%emt 0:00:11]} 15. g4 {[%emt 0:00:06]} Nd5 {[%emt 0:00:30]} 16. Qe1 {[%emt 0:00:02]} c4 {[%emt 0:00:04]} 17. Qh4 {[%emt 0:00:03]} c3 {[%emt 0:00:12]} 18. Bc1 {[%emt 0:00:09]} Ncb4 {[%emt 0:00:18]} 19. f5 {[%emt 0:00:29]} gxf5 {[%emt 0:00:32]} 20. Bh6 {[%emt 0:00:01]} cxb2 {[%emt 0:00:09]} 21. Bxg7 {[%emt 0:00:04]} Kxg7 {[%emt 0:00:22]} 22. Qg5+ {[%emt 0:00:23]} Kh8 {[%emt 0:00:04]} 23. Qh6 {[%emt 0:00:03]} Rg8 {[%emt 0:00:04]} 24. Ng5 {[%emt 0:00:02]} Rxg5 {[%emt 0:00:03]} 25. Qxg5 {[%emt 0:00:15]} bxa1=Q {[%emt 0:00:04]} 26. Rxa1 {[%emt 0:00:01]} Nxc2 {[%emt 0:00:04]} 27. Bxd5 {[%emt 0:00:07]} exd5 {[%emt 0:00:04]} 28. Rf1 {[%emt 0:00:05]} Ne3 {[%emt 0:00:01]} 29. gxf5 {[%emt 0:00:06]} Bxf5 {[%emt 0:00:03]} 30. Rxf5 {[%emt 0:00:10]} Rg8 {[%emt 0:00:01]} 31. Kf2 {[%emt 0:00:16]} Rxg5 {[%emt 0:00:01]} 32. Rxg5 {[%emt 0:00:02]} b4 {[%emt 0:00:01]} 33. Ng3 {[%emt 0:00:11]} b3 {[%emt 0:00:01]} 34. Nh5 {[%emt 0:00:01]} Qh6 {[%emt 0:00:03]} 35. h4 {[%emt 0:00:04]} b2 {[%emt 0:00:01]} 36. Nf6 {[%emt 0:00:01]} Qxg5 {[%emt 0:00:04]} 37. hxg5 {[%emt 0:00:02]} b1=Q {[%emt 0:00:03]} 0-1

[Event "11th LCC Super Blitz 2019"]
[Site "London"]
[Date "2019.12.08"]
[Round "6.6"]
[White "Saidmurodov, Shahjahon"]
[Black "Pappelis, Dimitrios"]
[Result "1-0"]
[WhiteElo "1812"]
[BlackElo "2160"]
[Annotator "NA"]
[PlyCount "119"]
[EventDate "2019.12.08"]
[EventType "swiss"]
[EventCountry "ENG"]
[SourceTitle "playchess.com"]
[Source "ChessBase"]
[SourceQuality "1"]
[TimeControl "180+2"]

1. d4 {[%emt 0:00:00]} d5 {[%emt 0:00:00]} 2. c4 {[%emt 0:00:00]} e6 3. Nc3 Bb4 {[%emt 0:00:00]} 4. Nf3 {[%emt 0:00:03]} Nf6 {[%emt 0:00:04]} 5. Bg5 {[%emt 0:00:01]} dxc4 {[%emt 0:00:03]} 6. e4 {[%emt 0:00:05]} c5 {[%emt 0:00:06]} 7. Bxc4 {[%emt 0:00:51]} cxd4 {[%emt 0:00:10]} 8. Nxd4 {[%emt 0:00:02]} Bxc3+ {[%emt 0:00:18]} 9. bxc3 {[%emt 0:00:03]} Qa5 {[%emt 0:00:01]} 10. Bd2 {[%emt 0:00:21]} O-O {[%emt 0:00:09]} 11. O-O {[%emt 0:00:03]} Nc6 {[%emt 0:00:09]} 12. Nxc6 {[%emt 0:00:03]} bxc6 {[%emt 0:00:01]} 13. Bd3 {[%emt 0:00:04]} Rd8 {[%emt 0:00:12]} 14. Qc2 {[%emt 0:00:00]} Ba6 {[%emt 0:00:08]} 15. c4 {[%emt 0:00:14]} Qa3 {[%emt 0:00:02]} 16. Bc3 {[%emt 0:00:05]} e5 {[%emt 0:00:37]} 17. Rfd1 {[%emt 0:00:07]} Qc5 {[%emt 0:00:05]} 18. Bd2 {[%emt 0:00:14]} Ng4 {[%emt 0:00:12]} 19. Be1 {[%emt 0:00:31]} Rab8 {[%emt 0:00:02]} 20. h3 {[%emt 0:00:02]} Nf6 {[%emt 0:00:03]} 21. Bd2 {[%emt 0:00:01]} Qe7 {[%emt 0:00:20]} 22. Be3 {[%emt 0:00:07]} Rd7 {[%emt 0:00:00]} 23. Be2 {[%emt 0:00:03]} Rbd8 {[%emt 0:00:02]} 24. Rxd7 {[%emt 0:00:20]} Rxd7 {[%emt 0:00:00]} 25. Bf3 {[%emt 0:00:06]} h6 {[%emt 0:00:04]} 26. Rc1 {[%emt 0:00:02]} Qa3 {[%emt 0:00:08]} 27. Rd1 {[%emt 0:00:12]} Rxd1+ {[%emt 0:00:05]} 28. Bxd1 {[%emt 0:00:06]} Qb4 {[%emt 0:00:03]} 29. Be2 {[%emt 0:00:01]} Qe1+ {[%emt 0:00:07]} 30. Bf1 {[%emt 0:00:04]} Qa1 {[%emt 0:00:13]} 31. g3 {[%emt 0:00:02]} h5 {[%emt 0:00:07]} 32. Kg2 {[%emt 0:00:01]} h4 {[%emt 0:00:01]} 33. Be2 {[%emt 0:00:05]} hxg3 34. fxg3 {[%emt 0:00:01]} Qe1 {[%emt 0:00:04]} 35. Bf2 {[%emt 0:00:04]} Qb4 {[%emt 0:00:02]} 36. Be3 {[%emt 0:00:04]} Qa3 {[%emt 0:00:02]} 37. Bd3 {[%emt 0:00:02]} Qa5 {[%emt 0:00:05]} 38. Be2 {[%emt 0:00:03]} Qe1 {[%emt 0:00:02]} 39. Bf2 {[%emt 0:00:02]} Qb4 {[%emt 0:00:03]} 40. Be3 {[%emt 0:00:01]} c5 {[%emt 0:00:06]} 41. Bd3 {[%emt 0:00:01]} Bb7 {[%emt 0:00:01]} 42. Bd2 {[%emt 0:00:03]} Qb6 {[%emt 0:00:01]} 43. Be3 {[%emt 0:00:01]} Qc6 {[%emt 0:00:01]} 44. Kf3 {[%emt 0:00:01]} Qd7 {[%emt 0:00:02]} 45. Kg2 {[%emt 0:00:01]} Qe6 {[%emt 0:00:09]} 46. Bxc5 {[%emt 0:00:02]} Qc6 {[%emt 0:00:01]} 47. Be3 {[%emt 0:00:02]} Nh5 {[%emt 0:00:05]} 48. Bxa7 {[%emt 0:00:05]} Qg6 {[%emt 0:00:01]} 49. Bf2 {[%emt 0:00:02]} Nf4+ {[%emt 0:00:02]} 50. Kh2 {[%emt 0:00:02]} Nxd3 51. Qxd3 {[%emt 0:00:01]} Bxe4 {[%emt 0:00:04]} 52. Qd8+ {[%emt 0:00:00]} Kh7 {[%emt 0:00:01]} 53. Qh4+ {[%emt 0:00:01]} Kg8 {[%emt 0:00:03]} 54. Qd8+ {[%emt 0:00:04]} Kh7 {[%emt 0:00:00]} 55. Qh4+ {[%emt 0:00:02]} Kg8 {[%emt 0:00:00]} 56. c5 {[%emt 0:00:01]} Bc6 {[%emt 0:00:02]} 57. Qd8+ {[%emt 0:00:02]} Kh7 {[%emt 0:00:02]} 58. Qh4+ {[%emt 0:00:02]} Kg8 {[%emt 0:00:01]} 59. Qd8+ {[%emt 0:00:00]} Kh7 {[%emt 0:00:00]} 60. Qh4+ {[%emt 0:00:02]} 1-0

[Event "11th LCC Super Blitz 2019"]
[Site "London"]
[Date "2019.12.08"]
[Round "6.7"]
[White "Van Hoof, Alexander"]
[Black "Young, Daniel J"]
[Result "0-1"]
[WhiteElo "1968"]
[BlackElo "1947"]
[Annotator "NA"]
[PlyCount "64"]
[EventDate "2019.12.08"]
[EventType "swiss"]
[EventCountry "ENG"]
[SourceTitle "playchess.com"]
[Source "ChessBase"]
[SourceQuality "1"]
[TimeControl "180+2"]

1. d4 {[%emt 0:00:00]} d5 {[%emt 0:00:00]} 2. Nf3 {[%emt 0:00:00]} Nf6 {[%emt 0:00:00]} 3. c4 {[%emt 0:00:01]} c6 {[%emt 0:00:01]} 4. Nc3 {[%emt 0:00:01]} e6 {[%emt 0:00:00]} 5. Bf4 {[%emt 0:00:05]} dxc4 {[%emt 0:00:03]} 6. e4 {[%emt 0:00:02]} Bb4 {[%emt 0:00:07]} 7. Qc2 {[%emt 0:00:22]} b5 {[%emt 0:00:10]} 8. a3 {[%emt 0:00:06]} Qa5 {[%emt 0:00:09]} 9. e5 {[%emt 0:00:30]} Nd5 {[%emt 0:00:05]} 10. Bd2 {[%emt 0:00:01]} Nxc3 {[%emt 0:00:12]} 11. Bxc3 {[%emt 0:00:10]} Bxc3+ {[%emt 0:00:01]} 12. bxc3 {[%emt 0:00:08]} O-O {[%emt 0:00:06]} 13. Be2 {[%emt 0:00:12]} Nd7 {[%emt 0:00:19]} 14. Nd2 {[%emt 0:00:03]} c5 {[%emt 0:00:10]} 15. O-O {[%emt 0:00:30]} cxd4 {[%emt 0:00:08]} 16. cxd4 {[%emt 0:00:01]} Bb7 {[%emt 0:00:08]} 17. a4 {[%emt 0:00:07]} Qb6 {[%emt 0:00:09]} 18. Nf3 {[%emt 0:00:16]} a6 {[%emt 0:00:42]} 19. Rfd1 {[%emt 0:00:13]} Rac8 {[%emt 0:00:07]} 20. Ng5 {[%emt 0:00:12]} g6 {[%emt 0:00:03]} 21. a5 {[%emt 0:00:05]} Qd8 {[%emt 0:00:10]} 22. Ne4 {[%emt 0:00:12]} Bxe4 {[%emt 0:00:16]} 23. Qxe4 {[%emt 0:00:00]} Qc7 {[%emt 0:00:09]} 24. Ra3 {[%emt 0:00:07]} Qc6 {[%emt 0:00:06]} 25. Qh4 {[%emt 0:00:03]} c3 {[%emt 0:00:14]} 26. Rc1 {[%emt 0:00:01]} b4 {[%emt 0:00:01]} 27. Rb3 {[%emt 0:00:04]} Qa4 {[%emt 0:00:04]} 28. Bd1 {[%emt 0:00:03]} Qa2 {[%emt 0:00:06]} 29. Rxb4 {[%emt 0:00:05]} Qd2 {[%emt 0:00:02]} 30. Ra1 {[%emt 0:00:10]} c2 {[%emt 0:00:01]} 31. Bxc2 {[%emt 0:00:06]} Qxb4 {[%emt 0:00:02]} 32. Ra2 {[%emt 0:00:04]} Qe1# {[%emt 0:00:02]} 0-1

[Event "11th LCC Super Blitz 2019"]
[Site "London"]
[Date "2019.12.08"]
[Round "6.7"]
[White "Onslow, Teddy"]
[Black "Toh, Q Kane"]
[Result "0-1"]
[WhiteElo "1647"]
[BlackElo "1606"]
[Annotator "NA"]
[PlyCount "76"]
[EventDate "2019.12.08"]
[EventType "swiss"]
[EventCountry "ENG"]
[SourceTitle "playchess.com"]
[Source "ChessBase"]
[SourceQuality "1"]
[TimeControl "180+2"]

1. d4 {[%emt 0:00:00]} Nf6 {[%emt 0:00:00]} 2. Bf4 {[%emt 0:00:00]} g6 {[%emt 0:00:01]} 3. Nc3 {[%emt 0:00:00]} Bg7 {[%emt 0:00:01]} 4. e4 {[%emt 0:00:01]} d6 {[%emt 0:00:03]} 5. Qd2 {[%emt 0:00:01]} O-O {[%emt 0:00:10]} 6. O-O-O {[%emt 0:00:01]} Nbd7 {[%emt 0:00:06]} 7. h4 {[%emt 0:00:07]} h5 {[%emt 0:00:04]} 8. Be2 {[%emt 0:00:06]} c5 {[%emt 0:00:06]} 9. d5 {[%emt 0:00:19]} a6 {[%emt 0:00:12]} 10. a4 {[%emt 0:00:20]} b5 {[%emt 0:00:17]} 11. axb5 {[%emt 0:00:04]} axb5 {[%emt 0:00:01]} 12. Bxb5 {[%emt 0:00:02]} Ra1+ {[%emt 0:00:03]} 13. Nb1 {[%emt 0:00:03]} Nxe4 {[%emt 0:00:18]} 14. Qe1 {[%emt 0:00:10]} Nef6 {[%emt 0:00:31]} 15. Ne2 {[%emt 0:00:11]} Qb6 {[%emt 0:00:06]} 16. Nec3 {[%emt 0:00:11]} Ba6 {[%emt 0:00:14]} 17. Qe2 {[%emt 0:00:23]} Rb8 {[%emt 0:00:13]} 18. Bxa6 {[%emt 0:00:17]} Rxa6 {[%emt 0:00:10]} 19. b3 {[%emt 0:00:12]} c4 {[%emt 0:00:18]} 20. Qxc4 {[%emt 0:00:07]} Nc5 {[%emt 0:00:02]} 21. Kd2 {[%emt 0:00:13]} Qa5 {[%emt 0:00:14]} 22. Qe2 {[%emt 0:00:50]} Nfe4+ {[%emt 0:00:03]} 23. Ke1 {[%emt 0:00:02]} Nxc3 {[%emt 0:00:03]} 24. Nxc3 {[%emt 0:00:02]} Qxc3+ {[%emt 0:00:08]} 25. Bd2 {[%emt 0:00:02]} Qe5 {[%emt 0:00:01]} 26. Qxe5 {[%emt 0:00:02]} Bxe5 {[%emt 0:00:01]} 27. f3 {[%emt 0:00:01]} Ra2 {[%emt 0:00:02]} 28. Rc1 {[%emt 0:00:02]} Rc8 {[%emt 0:00:07]} 29. Bb4 {[%emt 0:00:04]} Nd7 {[%emt 0:00:01]} 30. c4 {[%emt 0:00:01]} Rxg2 {[%emt 0:00:04]} 31. Bd2 {[%emt 0:00:01]} Rb8 {[%emt 0:00:04]} 32. Rb1 {[%emt 0:00:02]} Nc5 {[%emt 0:00:02]} 33. b4 {[%emt 0:00:01]} Nd3+ {[%emt 0:00:02]} 34. Kd1 {[%emt 0:00:02]} Nf2+ {[%emt 0:00:00]} 35. Kc2 {[%emt 0:00:01]} Nxh1 {[%emt 0:00:02]} 36. Rxh1 {[%emt 0:00:00]} Bf4 {[%emt 0:00:02]} 37. Rd1 {[%emt 0:00:02]} Bxd2 {[%emt 0:00:01]} 38. Rxd2 {[%emt 0:00:01]} Rxd2+ {[%emt 0:00:01]} 0-1

[Event "11th LCC Super Blitz 2019"]
[Site "London"]
[Date "2019.12.08"]
[Round "6.7"]
[White "Jackson, Julius"]
[Black "Ismail, Mohammed Aayan"]
[Result "0-1"]
[WhiteElo "1584"]
[BlackElo "1641"]
[Annotator "NA"]
[PlyCount "106"]
[EventDate "2019.12.08"]
[EventType "swiss"]
[EventCountry "ENG"]
[SourceTitle "playchess.com"]
[Source "ChessBase"]
[SourceQuality "1"]
[TimeControl "180+2"]

1. e4 {[%emt 0:00:00]} c5 {[%emt 0:00:00]} 2. Nf3 {[%emt 0:00:00]} Nc6 {[%emt 0:00:00]} 3. c3 {[%emt 0:00:01]} e6 {[%emt 0:00:05]} 4. d4 {[%emt 0:00:01]} cxd4 {[%emt 0:00:01]} 5. cxd4 {[%emt 0:00:01]} d5 {[%emt 0:00:01]} 6. exd5 {[%emt 0:00:05]} exd5 {[%emt 0:00:01]} 7. Nc3 {[%emt 0:00:01]} Nf6 {[%emt 0:00:11]} 8. Bg5 {[%emt 0:00:02]} Be7 {[%emt 0:00:07]} 9. Bb5 {[%emt 0:00:20]} O-O {[%emt 0:00:05]} 10. O-O {[%emt 0:00:02]} h6 {[%emt 0:00:18]} 11. Bf4 {[%emt 0:00:06]} Bg4 {[%emt 0:00:04]} 12. a3 {[%emt 0:00:17]} Bxf3 {[%emt 0:00:07]} 13. gxf3 {[%emt 0:00:23]} a6 {[%emt 0:00:02]} 14. Bxc6 {[%emt 0:00:06]} bxc6 {[%emt 0:00:00]} 15. Kh1 {[%emt 0:00:04]} Bd6 {[%emt 0:00:03]} 16. Qd2 {[%emt 0:00:16]} Bxf4 {[%emt 0:00:22]} 17. Qxf4 {[%emt 0:00:01]} Qb8 {[%emt 0:00:06]} 18. Qxb8 {[%emt 0:00:15]} Raxb8 {[%emt 0:00:01]} 19. b4 {[%emt 0:00:06]} Rfe8 {[%emt 0:00:12]} 20. Rfe1 {[%emt 0:00:02]} Kf8 {[%emt 0:00:12]} 21. Re3 {[%emt 0:00:06]} a5 {[%emt 0:00:21]} 22. Rb1 {[%emt 0:00:12]} axb4 {[%emt 0:00:03]} 23. axb4 {[%emt 0:00:01]} Rxe3 {[%emt 0:00:31]} 24. fxe3 {[%emt 0:00:00]} Re8 {[%emt 0:00:01]} 25. Re1 {[%emt 0:00:16]} Rb8 {[%emt 0:00:04]} 26. Na2 {[%emt 0:00:02]} Ra8 {[%emt 0:00:02]} 27. Nc3 {[%emt 0:00:04]} Ra3 {[%emt 0:00:00]} 28. Rc1 {[%emt 0:00:19]} Rb3 {[%emt 0:00:05]} 29. Kg2 {[%emt 0:00:29]} Rxb4 {[%emt 0:00:04]} 30. Kf2 {[%emt 0:00:01]} Rb2+ {[%emt 0:00:03]} 31. Ne2 {[%emt 0:00:01]} Rb6 {[%emt 0:00:02]} 32. Nf4 {[%emt 0:00:06]} Ke7 {[%emt 0:00:05]} 33. Ra1 {[%emt 0:00:04]} Rb2+ {[%emt 0:00:04]} 34. Kg3 {[%emt 0:00:03]} Nd7 {[%emt 0:00:06]} 35. Ra6 {[%emt 0:00:03]} Rb6 {[%emt 0:00:05]} 36. Ra8 {[%emt 0:00:08]} Rb3 {[%emt 0:00:08]} 37. Kf2 {[%emt 0:00:01]} g5 {[%emt 0:00:13]} 38. Ne2 {[%emt 0:00:03]} Rb7 {[%emt 0:00:06]} 39. Rh8 {[%emt 0:00:01]} c5 {[%emt 0:00:06]} 40. Rxh6 {[%emt 0:00:03]} c4 {[%emt 0:00:01]} 41. Rc6 {[%emt 0:00:03]} Nb6 {[%emt 0:00:05]} 42. Nc3 {[%emt 0:00:02]} Kd7 {[%emt 0:00:01]} 43. Rh6 {[%emt 0:00:03]} Rb8 {[%emt 0:00:05]} 44. Nxd5 {[%emt 0:00:01]} Nxd5 {[%emt 0:00:01]} 45. Rh5 {[%emt 0:00:02]} f6 {[%emt 0:00:01]} 46. Rh7+ {[%emt 0:00:01]} Kd6 {[%emt 0:00:00]} 47. Rf7 {[%emt 0:00:01]} c3 {[%emt 0:00:01]} 48. Ke2 {[%emt 0:00:03]} c2 {[%emt 0:00:03]} 49. Kd2 {[%emt 0:00:01]} Rc8 {[%emt 0:00:01]} 50. Kc1 {[%emt 0:00:01]} Nb4 {[%emt 0:00:01]} 51. Ra7 {[%emt 0:00:04]} Nd3+ {[%emt 0:00:02]} 52. Kd2 {[%emt 0:00:03]} c1=Q+ {[%emt 0:00:01]} 53. Kxd3 {[%emt 0:00:01]} Qc2# {[%emt 0:00:00]} 0-1

[Event "11th LCC Super Blitz 2019"]
[Site "London"]
[Date "2019.12.08"]
[Round "6.8"]
[White "Van Zyl-Rudd, Jack"]
[Black "Dhemrait, Jagdeep"]
[Result "1-0"]
[WhiteElo "2290"]
[BlackElo "1834"]
[Annotator "NA"]
[PlyCount "41"]
[EventDate "2019.12.08"]
[EventType "swiss"]
[EventCountry "ENG"]
[SourceTitle "playchess.com"]
[Source "ChessBase"]
[SourceQuality "1"]
[TimeControl "180+2"]

1. d4 {[%emt 0:00:01]} Nf6 {[%emt 0:00:00]} 2. c4 {[%emt 0:00:01]} d6 {[%emt 0:00:01]} 3. Nc3 {[%emt 0:00:04]} g6 {[%emt 0:00:02]} 4. e4 {[%emt 0:00:03]} Bg7 {[%emt 0:00:01]} 5. h3 {[%emt 0:00:01]} Nbd7 {[%emt 0:00:09]} 6. Be3 {[%emt 0:00:02]} e5 {[%emt 0:00:10]} 7. d5 {[%emt 0:00:02]} O-O {[%emt 0:00:10]} 8. g4 {[%emt 0:00:02]} h5 {[%emt 0:00:03]} 9. f3 {[%emt 0:00:06]} Re8 {[%emt 0:00:05]} 10. Qd2 {[%emt 0:00:02]} Nb6 {[%emt 0:00:36]} 11. O-O-O {[%emt 0:00:44]} Bf8 {[%emt 0:00:10]} 12. Be2 {[%emt 0:00:21]} c5 {[%emt 0:00:02]} 13. h4 {[%emt 0:00:11]} hxg4 {[%emt 0:00:12]} 14. h5 {[%emt 0:00:05]} gxh5 {[%emt 0:00:09]} 15. Bg5 {[%emt 0:00:05]} Bg7 {[%emt 0:00:07]} 16. fxg4 hxg4 17. Rh5 {[%emt 0:00:09]} g3 {[%emt 0:00:29]} 18. Nf3 {[%emt 0:00:02]} Bg4 {[%emt 0:00:02]} 19. Rh4 {[%emt 0:00:02]} Qd7 {[%emt 0:00:02]} 20. Rdh1 {[%emt 0:00:02]} Bxf3 {[%emt 0:00:02]} 21. Bxf3 {[%emt 0:00:02]} 1-0

[Event "11th LCC Super Blitz 2019"]
[Site "London"]
[Date "2019.12.08"]
[Round "6.8"]
[White "Zulfic, Fedja"]
[Black "Iyengar, Ilya"]
[Result "1-0"]
[WhiteElo "2032"]
[BlackElo "1984"]
[Annotator "NA"]
[PlyCount "113"]
[EventDate "2019.12.08"]
[EventType "swiss"]
[EventCountry "ENG"]
[SourceTitle "playchess.com"]
[Source "ChessBase"]
[SourceQuality "1"]
[TimeControl "180+2"]

1. d4 {[%emt 1:12:03]} Nf6 {[%emt 0:00:06]} 2. c4 {[%emt 0:00:02]} g6 {[%emt 0:00:02]} 3. Nc3 {[%emt 0:00:01]} Bg7 {[%emt 0:00:03]} 4. e4 d6 5. Nf3 O-O {[%emt 0:00:02]} 6. Be2 e5 {[%emt 0:00:04]} 7. O-O {[%emt 0:00:01]} Nc6 {[%emt 0:00:01]} 8. d5 Ne7 9. b4 Nh5 {[%emt 0:00:02]} 10. Re1 {[%emt 0:00:24]} h6 {[%emt 0:00:34]} 11. Bf1 {[%emt 0:00:11]} f5 {[%emt 0:00:09]} 12. c5 {[%emt 0:00:04]} Nf6 {[%emt 0:00:11]} 13. Ba3 {[%emt 0:00:13]} fxe4 {[%emt 0:00:32]} 14. Nxe4 Nfxd5 {[%emt 0:00:20]} 15. cxd6 {[%emt 0:00:05]} cxd6 {[%emt 0:00:01]} 16. Bc4 {[%emt 0:00:12]} Be6 {[%emt 0:00:02]} 17. b5 Nf4 {[%emt 0:00:31]} 18. Bxe6+ {[%emt 0:00:08]} Nxe6 {[%emt 0:00:01]} 19. Bxd6 {[%emt 0:00:20]} Nd4 {[%emt 0:00:26]} 20. Nxd4 {[%emt 0:00:11]} exd4 21. Qg4 {[%emt 0:00:08]} Kh7 {[%emt 0:00:13]} 22. Rad1 {[%emt 0:00:08]} Rf7 {[%emt 0:00:11]} 23. Bxe7 {[%emt 0:00:11]} Qxe7 {[%emt 0:00:02]} 24. h4 {[%emt 0:00:03]} Qd7 {[%emt 0:00:02]} 25. Qg3 {[%emt 0:00:07]} Raf8 {[%emt 0:00:02]} 26. f3 {[%emt 0:00:06]} Qc7 {[%emt 0:00:03]} 27. Qh3 {[%emt 0:00:09]} Qd7 {[%emt 0:00:02]} 28. Qg3 {[%emt 0:00:14]} Qc7 {[%emt 0:00:04]} 29. Qf2 {[%emt 0:00:06]} Rd8 {[%emt 0:00:06]} 30. h5 gxh5 {[%emt 0:00:02]} 31. Qh4 {[%emt 0:00:02]} Qe5 {[%emt 0:00:05]} 32. Ng3 {[%emt 0:00:05]} Qg5 {[%emt 0:00:02]} 33. Qe4+ {[%emt 0:00:05]} Qg6 34. Qh4 {[%emt 0:00:05]} Qg5 {[%emt 0:00:01]} 35. Qxg5 hxg5 36. Nxh5 Rf5 {[%emt 0:00:02]} 37. Re7 {[%emt 0:00:02]} Rg8 {[%emt 0:00:01]} 38. Rxd4 {[%emt 0:00:03]} Kh6 {[%emt 0:00:02]} 39. Nxg7 {[%emt 0:00:05]} Rxg7 40. Rxg7 Kxg7 41. Rd7+ Kg6 42. Rxb7 Kf6 {[%emt 0:00:01]} 43. a4 Rf4 {[%emt 0:00:03]} 44. Rxa7 Rb4 {[%emt 0:00:02]} 45. Ra6+ {[%emt 0:00:03]} Kf5 {[%emt 0:00:01]} 46. b6 {[%emt 0:00:01]} Kf4 {[%emt 0:00:01]} 47. a5 {[%emt 0:00:07]} Kg3 48. Kf1 {[%emt 0:00:02]} Rb1+ {[%emt 0:00:01]} 49. Ke2 Kxg2 50. Ra8 Rb2+ {[%emt 0:00:02]} 51. Ke3 Rb3+ 52. Ke4 Rxf3 53. b7 {[%emt 0:00:02]} g4 54. b8=Q {[%emt 0:00:02]} g3 {[%emt 0:00:02]} 55. Qb2+ {[%emt 0:00:19]} Rf2 {[%emt 0:00:02]} 56. Qxf2+ {[%emt 0:00:03]} gxf2 {[%emt 0:00:01]} 57. Rf8 {[%emt 0:00:02]} 1-0